000
00306nam a2200109Ia 4500
008
200302s9999 xx 000 0 und d
100
_a
Robert Venturi & Other
245
_a
Learning from Las Vegas the Forgotten Symbolism of Architectural Form
260
_b
The Mit Press
260
_c
1977
300
_a
192 P.,
999
_c
2618
_d
2618